000 00541nam a22001697a 4500
020 _a9780080970639
082 _a621.381 SIN
100 _aSinclair, Ian Robertson.
245 _aElectronics simplified
250 _a3rd ed.
260 _aBoston
_bElsevier/Newnes
_c2011
300 _axi, 356 p.
_bill. ;
500 _aPreviously published as: Electronics made simple / Ian Sinclair. 2002. 2nd ed. Includes bibliographical references (p. 329-331) and index.
650 _aElectronics.
700 _aSinclair, Ian Robertson.
942 _cBK
999 _c12485
_d12485